| 000 | 01014nam a2200277 a 4500 | ||
|---|---|---|---|
| 001 | ebr10417684 | ||
| 003 | CaPaEBR | ||
| 006 | m u | ||
| 007 | cr cn||||||||| | ||
| 008 | 101215m20092010ii a s 000 0 eng d | ||
| 020 | _z9788171338764 | ||
| 020 | _z8171338763 | ||
| 040 |
_aCaPaEBR _cCaPaEBR |
||
| 035 | _a(OCoLC)698637440 | ||
| 050 | 1 | 4 |
_aQL50 _b.S58 2009eb |
| 100 | 1 | _aShukla, G. S. | |
| 245 | 1 | 0 |
_aEconomic zoology _h[electronic resource] / _cG.S. Shukla and V.B. Upadhyay. |
| 260 |
_aMeerut, India : _bRastogi Publications, _c2009-2010. |
||
| 300 |
_a487 p. : _bill. |
||
| 533 |
_aElectronic reproduction. _bPalo Alto, Calif. : _cebrary, _d2011. _nAvailable via World Wide Web. _nAccess may be limited to ebrary affiliated libraries. |
||
| 650 | 0 | _aZoology. | |
| 655 | 7 |
_aElectronic books. _2local |
|
| 700 | 1 | _aUpadhyay, V. B. | |
| 710 | 2 | _aebrary, Inc. | |
| 856 | 4 | 0 |
_uhttp://site.ebrary.com/lib/rucke/Doc?id=10417684 _zAn electronic book accessible through the World Wide Web; click to view |
| 999 |
_c84709 _d84709 |
||